[Event "8th HD Bank Cup 2018"]
[Site "Hanoi VIE"]
[Date "2018.03.14"]
[Round "7.47"]
[White "Nguyen, Thi Thanh An"]
[Black "Liu, Zhaoqi"]
[Result "1/2-1/2"]
[WhiteTitle "WGM"]
[WhiteElo "2274"]
[BlackElo "2133"]
[WhiteFideId "12400300"]
[BlackFideId "8609381"]
[EventDate "2018.03.10"]

1. d4 Nf6 2. c4 c5 3. Nf3 g6 4. Nc3 cxd4 5. Nxd4 Bg7 6. e4 Nc6 7. Be3 O-O 8. Be2
d6 9. O-O Bd7 10. Qd2 Nxd4 11. Bxd4 Bc6 12. f3 Nd7 13. Be3 a5 14. b3 Nc5 15.
Rac1 Qb6 16. Rc2 Rfc8 17. Rb1 h5 18. Nd5 Qd8 19. Bg5 Bxd5 20. exd5 Qd7 21. Re1
e5 22. dxe6 Nxe6 23. Be3 d5 24. cxd5 Rxc2 25. Qxc2 Qxd5 26. Bc4 Qc6 27. Qd2 a4
28. Bd5 Qd7 29. Rd1 axb3 30. Bxb3 1/2-1/2

[Event "8th HD Bank Cup 2018"]
[Site "Hanoi VIE"]
[Date "2018.03.14"]
[Round "7.48"]
[White "Bach, Ngoc Thuy Duong"]
[Black "Abelgas, Roel"]
[Result "1/2-1/2"]
[WhiteTitle "WFM"]
[BlackTitle "FM"]
[WhiteElo "2000"]
[BlackElo "2273"]
[WhiteFideId "12408956"]
[BlackFideId "5200970"]
[EventDate "2018.03.10"]

1. d4 Nf6 2. c4 c5 3. d5 e6 4. Nc3 exd5 5. cxd5 d6 6. e4 g6 7. f4 Bg7 8. Bb5+
Nfd7 9. a4 O-O 10. Nf3 Na6 11. O-O Nb4 12. Re1 Nf6 13. h3 a6 14. Bf1 Re8 15. Bc4
Nd7 16. Be3 b6 17. Bf2 Bb7 18. Qd2 Rb8 19. Bg3 Bh6 20. Qf2 Bg7 21. Rad1 b5 22.
axb5 Nb6 23. Bf1 c4 24. Nd4 axb5 25. Bh4 Qd7 26. f5 Nd3 27. Bxd3 cxd3 28. f6 Bf8
29. Rxd3 b4 30. Nb1 Na4 31. Rg3 Re5 32. Bg5 Rbe8 33. Nf3 Rxe4 34. Rxe4 Rxe4 35.
Nbd2 Re8 36. Qd4 Qb5 37. Qh4 h5 38. Bf4 Qxd5 39. Rg5 Qe6 40. Rxh5 Bg7 41. Rb5
Bxf6 42. Qg3 Bc6 43. Rxb4 Nxb2 44. Bxd6 Nd3 45. Rb1 Rd8 46. Bc7 Rc8 47. Bb6 Nc5
48. Nd4 Qa2 49. Nxc6 Rxc6 50. Qf2 Bc3 51. Rd1 1/2-1/2

[Event "8th HD Bank Cup 2018"]
[Site "Hanoi VIE"]
[Date "2018.03.14"]
[Round "7.49"]
[White "Tran, Le Dan Thuy"]
[Black "Piasetski, Leon"]
[Result "0-1"]
[WhiteTitle "WFM"]
[BlackTitle "IM"]
[WhiteElo "2036"]
[BlackElo "2258"]
[WhiteFideId "12403407"]
[BlackFideId "2600072"]
[EventDate "2018.03.10"]

1. d4 f5 2. c4 Nf6 3. Nc3 e6 4. Nf3 Bb4 5. Bd2 O-O 6. e3 d5 7. Bd3 c6 8. O-O Bd6
9. Ne5 Nbd7 10. f4 Ne4 11. Be1 Nxe5 12. fxe5 Be7 13. Qb3 Bg5 14. Rf3 Qb6 15.
Qxb6 axb6 16. Ne2 Bd7 17. Nf4 Be7 18. h4 g6 19. a3 Kg7 20. Rc1 Rfc8 21. Rf1 Bd8
22. Be2 h6 23. g4 g5 24. Nh5+ Kg6 25. hxg5 hxg5 26. Ng3 Nxg3 27. Bxg3 Be7 28.
Bf3 dxc4 29. Rxc4 b5 30. Rc2 Rh8 31. gxf5+ exf5 32. d5 Rh3 33. Kf2 f4 34. exf4
Bf5 35. Rd2 0-1

[Event "8th HD Bank Cup 2018"]
[Site "Hanoi VIE"]
[Date "2018.03.14"]
[Round "7.50"]
[White "Emperado, Emmanuel"]
[Black "Snehal, Bhosale"]
[Result "1/2-1/2"]
[WhiteElo "2232"]
[BlackElo "2105"]
[WhiteFideId "5209960"]
[BlackFideId "5021995"]
[EventDate "2018.03.10"]

1. c3 d5 2. d4 Nf6 3. Nf3 c5 4. g3 e6 5. Bg2 Nc6 6. O-O Be7 7. c4 dxc4 8. dxc5
Qxd1 9. Rxd1 Bxc5 10. Nbd2 c3 11. bxc3 O-O 12. Nb3 Be7 13. Nfd4 Rd8 14. Bg5 Bd7
15. Nxc6 Bxc6 16. Bxc6 bxc6 17. Na5 Rd5 18. Nxc6 Rxg5 19. Nxe7+ Kf8 20. Nc6 Rc5
21. Nd4 Nd5 22. Nb3 Rxc3 23. Rac1 Rac8 24. Rxc3 Rxc3 25. Rd4 Nb6 26. Kf1 Rc2 27.
Rd2 Rc4 28. Ke1 Ke7 29. Rd4 Rc2 30. Rd2 1/2-1/2

[Event "8th HD Bank Cup 2018"]
[Site "Hanoi VIE"]
[Date "2018.03.14"]
[Round "7.51"]
[White "Raja, Rithvik R"]
[Black "Doan, Van Duc"]
[Result "1-0"]
[WhiteTitle "FM"]
[WhiteElo "2227"]
[BlackElo "2112"]
[WhiteFideId "35007394"]
[BlackFideId "12400335"]
[EventDate "2018.03.10"]

1. d4 Nf6 2. c4 d6 3. Nf3 Nbd7 4. Nc3 e5 5. g3 g6 6. Bg2 Bg7 7. O-O O-O 8. e4
exd4 9. Nxd4 Re8 10. h3 Nc5 11. Re1 a5 12. Qc2 Ne6 13. Nde2 c6 14. Be3 Qc7 15.
Rad1 Bd7 16. f4 Rad8 17. g4 Bc8 18. Ng3 Nd7 19. Qf2 b6 20. Nge2 Nec5 21. Nd4 Nf6
22. e5 dxe5 23. fxe5 Rxe5 24. Nxc6 Rxd1 25. Rxd1 Nfe4 26. Nxe4 Nxe4 27. Qc2 Qxc6
28. Rd8+ Bf8 29. Bh6 Re8 30. Rxe8 Qxe8 31. Bxf8 Qxf8 32. Bxe4 Be6 33. b3 Qb4 34.
Qd3 Qc5+ 35. Kg2 h5 36. Bxg6 hxg4 37. hxg4 Bxg4 38. Be4 Qg5 39. Qg3 f5 40. Bd5+
Kg7 41. Qc7+ Kh8 42. Qb8+ Kh7 43. Qc7+ Kh8 44. Qxb6 Bh5+ 45. Kh1 Qh4+ 46. Kg1
Qg3+ 47. Kf1 Bg4 1-0

[Event "8th HD Bank Cup 2018"]
[Site "Hanoi VIE"]
[Date "2018.03.14"]
[Round "7.52"]
[White "Divya, Deshmukh"]
[Black "Vo, Thi Kim Phung"]
[Result "1/2-1/2"]
[WhiteTitle "WFM"]
[BlackTitle "WGM"]
[WhiteElo "2138"]
[BlackElo "2425"]
[WhiteFideId "35006916"]
[BlackFideId "12401838"]
[EventDate "2018.03.10"]

1. e4 e6 2. d3 d5 3. Nd2 Nf6 4. Ngf3 b6 5. e5 Nfd7 6. g3 c5 7. Bg2 Nc6 8. Qe2
Qc7 9. O-O Ndxe5 10. Nxe5 Qxe5 11. Qxe5 Nxe5 12. Re1 Nc6 13. Bxd5 Bb7 14. c3 Kd7
15. Bg2 Na5 16. Nc4 Bxg2 17. Kxg2 Nc6 18. a4 Bd6 19. f4 f6 20. Be3 Rhd8 21. Bf2
e5 22. Kf3 exf4 23. gxf4 Ne7 24. d4 cxd4 25. Bxd4 Nf5 26. Rad1 Rac8 27. Nxd6
Nxd6 28. a5 Kc6 29. Re6 bxa5 30. Bxa7 Rd7 31. Bf2 Rb8 32. Rd2 Rb5 33. b4 Rd5 34.
Ra2 axb4 35. c4 Rd3+ 36. Ke2 Ra3 37. Rd2 Kc7 38. Bc5 Nxc4 39. Rxd7+ Kxd7 40.
Re7+ Kc6 41. Bxb4 Rb3 42. Be1 1/2-1/2

[Event "8th HD Bank Cup 2018"]
[Site "Hanoi VIE"]
[Date "2018.03.14"]
[Round "7.53"]
[White "Rathnakaran, K."]
[Black "Pratyusha, Bodda"]
[Result "1-0"]
[WhiteTitle "IM"]
[BlackTitle "WIM"]
[WhiteElo "2395"]
[BlackElo "2164"]
[WhiteFideId "5005507"]
[BlackFideId "5000629"]
[EventDate "2018.03.10"]

1. e4 e5 2. Nf3 Nc6 3. Bb5 a6 4. Ba4 Nf6 5. Qe2 d6 6. c3 Be7 7. h3 O-O 8. g4 b5
9. Bc2 d5 10. d3 dxe4 11. dxe4 Be6 12. Nbd2 Nd7 13. g5 Re8 14. h4 Nf8 15. h5 Bg4
16. Rh4 Qd7 17. Nf1 f6 18. N1h2 Be6 19. Qf1 Rad8 20. Qg2 f5 21. Nf1 f4 22. N1h2
b4 23. Ng4 bxc3 24. bxc3 Qd6 25. Nf6+ Bxf6 26. gxf6 Rd7 27. Bxf4 exf4 28. Rd1
Bd5 29. fxg7 Rxg7 30. Rg4 Re7 31. Rxd5 Qf6 32. Kd2 Ne6 33. Bb3 Rxg4 34. Qxg4+
Rg7 35. Rg5 Nd8 36. Rxg7+ 1-0

[Event "8th HD Bank Cup 2018"]
[Site "Hanoi VIE"]
[Date "2018.03.14"]
[Round "7.54"]
[White "Gu, Xiaobing"]
[Black "Pham, Thi Thu Hien"]
[Result "1-0"]
[WhiteTitle "WGM"]
[WhiteElo "2354"]
[BlackElo "2138"]
[WhiteFideId "8602611"]
[BlackFideId "12402575"]
[EventDate "2018.03.10"]

1. e4 c5 2. Nc3 e6 3. Nge2 a6 4. g3 b5 5. a3 Bb7 6. Bg2 Nc6 7. O-O Be7 8. d4
cxd4 9. Nxd4 d6 10. Be3 Ne5 11. Re1 Nc4 12. Bc1 Rc8 13. b3 Na5 14. Bd2 Nf6 15.
a4 Nc6 16. Nce2 b4 17. Nxc6 Bxc6 18. Nd4 d5 19. e5 Nd7 20. Qg4 g6 21. Bh6 a5 22.
Bh3 Bf8 23. Bxf8 Nxf8 24. Qf4 g5 25. Qe3 h5 26. f4 gxf4 27. Qxf4 Ng6 28. Qf6
Qxf6 29. exf6 Kd7 30. Rad1 Kd6 31. Rd2 Bd7 32. Nf3 Rhg8 33. Bg2 Be8 34. Ng5 h4
35. Re3 Kc7 36. Bh3 hxg3 37. Rxg3 Nf4 38. Bxe6 fxe6 39. Nxe6+ Nxe6 40. Rxg8 d4
41. Re2 Bf7 42. Rxc8+ Kxc8 43. Re5 Nd8 1-0

[Event "8th HD Bank Cup 2018"]
[Site "Hanoi VIE"]
[Date "2018.03.14"]
[Round "7.55"]
[White "Le, Minh Hoang"]
[Black "Le, Huu Thai"]
[Result "1/2-1/2"]
[WhiteTitle "CM"]
[BlackTitle "CM"]
[WhiteElo "2184"]
[BlackElo "2223"]
[WhiteFideId "12404683"]
[BlackFideId "12402460"]
[EventDate "2018.03.10"]

1. Nf3 d5 2. c4 e6 3. g3 Nf6 4. b3 Be7 5. Bb2 O-O 6. Bg2 b6 7. cxd5 exd5 8. O-O
Bb7 9. d4 Re8 10. Nc3 a6 11. Ne5 Bd6 12. f4 Nbd7 1/2-1/2

[Event "8th HD Bank Cup 2018"]
[Site "Hanoi VIE"]
[Date "2018.03.14"]
[Round "7.56"]
[White "Bhambure, Shantanu"]
[Black "Luong, Phuong Hanh"]
[Result "1-0"]
[BlackTitle "WIM"]
[WhiteElo "2135"]
[BlackElo "2192"]
[WhiteFideId "5025931"]
[BlackFideId "12401013"]
[EventDate "2018.03.10"]

1. d4 Nf6 2. c4 g6 3. f3 d5 4. cxd5 Nxd5 5. e4 Nb6 6. Nc3 Bg7 7. Be3 O-O 8. Qd2
Nc6 9. O-O-O f5 10. e5 Nb4 11. Nh3 Be6 1-0

[Event "8th HD Bank Cup 2018"]
[Site "Hanoi VIE"]
[Date "2018.03.14"]
[Round "7.57"]
[White "Samant, Aditya S"]
[Black "Hoang, Thi Bao Tram"]
[Result "0-1"]
[BlackTitle "WGM"]
[WhiteElo "2107"]
[BlackElo "2410"]
[WhiteFideId "35080580"]
[BlackFideId "12401102"]
[EventDate "2018.03.10"]

1. e4 c6 2. d4 d5 3. e5 g6 4. c4 Bg7 5. Nc3 Be6 6. Nf3 dxc4 7. Ng5 Bd5 8. b3
cxb3 9. Nxd5 Qxd5 10. axb3 Nh6 11. Bb2 O-O 12. Qf3 Qxf3 13. Nxf3 Nd7 14. Bc4 Nb6
15. Ke2 a6 16. Ba3 Rfe8 17. Ng5 Rad8 18. Bc5 Nd5 19. Bxd5 Rxd5 20. f4 Bf8 21.
Rhd1 Red8 22. Nf3 e6 23. Bxf8 Kxf8 24. Rd3 Nf5 25. Rad1 h6 26. g4 Ne7 27. Ne1
R5d7 28. Kf3 Kg7 29. Ke4 Rh8 30. Nc2 h5 31. h3 hxg4 32. hxg4 Nd5 33. g5 Rh4 34.
Rf1 Rd8 35. Ne3 Rh3 36. Rf3 Rdh8 37. Ng4 Rh1 38. Rd2 R8h4 39. Nf6 Re1+ 40. Kd3
Nxf4+ 41. Rxf4 Rxf4 42. Rh2 Rxf6 43. gxf6+ Kg8 44. Kc4 0-1

[Event "8th HD Bank Cup 2018"]
[Site "Hanoi VIE"]
[Date "2018.03.14"]
[Round "7.58"]
[White "Kulkarni, Vinayak"]
[Black "Nguyen, Thi Mai Hung"]
[Result "1-0"]
[BlackTitle "WGM"]
[WhiteElo "2161"]
[BlackElo "2321"]
[WhiteFideId "5021332"]
[BlackFideId "12401676"]
[EventDate "2018.03.10"]

1. d4 d5 2. c4 c6 3. Nc3 Nf6 4. e3 e6 5. Nf3 Nbd7 6. Qc2 Bd6 7. b3 O-O 8. Be2 b6
9. O-O Bb7 10. Bb2 Qe7 11. Rad1 Rad8 12. Rfe1 Rfe8 13. Bf1 c5 14. cxd5 exd5 15.
dxc5 Nxc5 16. Nb5 Bb8 17. Nbd4 Nce4 18. Bb5 Rf8 19. Nf5 Qb4 20. N3d4 Rc8 21. Qe2
Nc3 22. Qf3 Nxd1 23. Rxd1 Be5 24. Nxg7 Qd6 25. Ngf5 Qc7 26. Qh3 Ne4 27. f3 Nc5
28. b4 Ne6 29. Nxe6 fxe6 30. Qg3+ 1-0

[Event "8th HD Bank Cup 2018"]
[Site "Hanoi VIE"]
[Date "2018.03.14"]
[Round "7.59"]
[White "Vasilyev, Mikhail"]
[Black "Nguyen, Hoang Nam"]
[Result "1/2-1/2"]
[WhiteTitle "IM"]
[BlackTitle "CM"]
[WhiteElo "2141"]
[BlackElo "2188"]
[WhiteFideId "14101254"]
[BlackFideId "12402133"]
[EventDate "2018.03.10"]

1. e4 d5 2. exd5 Qxd5 3. Nc3 Qd6 4. d4 Nf6 5. Nf3 a6 6. h3 e6 7. Bd3 Nbd7 8. O-O
c5 9. Be3 Be7 10. Re1 cxd4 11. Bxd4 Nc5 12. Bf1 b6 13. Ne5 Bb7 14. Nc4 Qc6 15.
Qe2 O-O 16. Rad1 Rad8 17. b4 Ncd7 18. a3 Ba8 19. Qe3 b5 20. Na5 Qc7 21. f4 Rfe8
22. Bd3 g6 23. Qf2 Bd6 24. Bxb5 Bxf4 25. Bxf6 Bg3 26. Qf1 Bxe1 27. Bxd8 Rxd8 28.
Qxe1 axb5 29. Rd3 Rc8 30. Qf2 Rb8 31. Qd4 Nf8 32. Qd6 Qa7+ 33. Qd4 Qxd4+ 34.
Rxd4 e5 35. Rd6 Ne6 36. Nc6 Bxc6 37. Rxc6 1/2-1/2

[Event "8th HD Bank Cup 2018"]
[Site "Hanoi VIE"]
[Date "2018.03.14"]
[Round "7.60"]
[White "Nguyen, Hoai Nam"]
[Black "Vatsal, Singhania"]
[Result "0-1"]
[WhiteElo "2177"]
[BlackElo "2090"]
[WhiteFideId "12415880"]
[BlackFideId "25033972"]
[EventDate "2018.03.10"]

1. d4 d5 2. Nf3 Nf6 3. c4 e6 4. Nc3 Be7 5. Bf4 O-O 6. e3 b6 7. cxd5 exd5 8. Bd3
Bb7 9. O-O c5 10. Rc1 Nbd7 11. h3 a6 12. a3 Rc8 13. Qe2 c4 14. Bb1 Re8 15. Ne5
g6 16. Rcd1 b5 17. f3 Nh5 18. Bh2 Bf8 19. g4 Ng7 20. f4 f6 21. Nxd7 Qxd7 22. f5
g5 23. Qf3 b4 24. axb4 Bxb4 25. Bc2 Bc6 26. Ra1 Qb7 27. Ba4 Bxc3 28. Bxc6 Qxc6
29. bxc3 Re4 30. Bg3 0-1

[Event "8th HD Bank Cup 2018"]
[Site "Hanoi VIE"]
[Date "2018.03.14"]
[Round "7.61"]
[White "Thipsay, Bagyashree Sathe"]
[Black "Kwon, Sehyun"]
[Result "1-0"]
[WhiteTitle "WIM"]
[BlackTitle "CM"]
[WhiteElo "2000"]
[BlackElo "2169"]
[WhiteFideId "5001013"]
[BlackFideId "13203088"]
[EventDate "2018.03.10"]

1. e4 e5 2. Nf3 Nc6 3. Bc4 Bc5 4. d3 Nf6 5. O-O O-O 6. Nbd2 d5 7. exd5 Nxd5 8.
Re1 Re8 9. Ne4 Bf8 10. c3 Bg4 11. h3 Bh5 12. b4 a5 13. b5 Nb8 14. d4 Nb6 15. Be2
exd4 16. Nxd4 Bg6 17. Bf3 N8d7 18. Ng3 Rxe1+ 19. Qxe1 Nc5 20. Be3 Nc4 21. Nb3
Nd3 22. Qe2 a4 23. Nd4 Nd6 24. Rd1 Ne5 25. Bd5 Qe8 26. f4 Nec4 27. Bf2 Qxe2 28.
Ndxe2 Bc2 29. Rd4 Nb6 30. Bf3 Nxb5 31. Rd2 Na3 32. Bxb7 Rb8 33. Bc6 Bd6 34. Nd4
Bb1 35. Rb2 Bxf4 1-0

[Event "8th HD Bank Cup 2018"]
[Site "Hanoi VIE"]
[Date "2018.03.14"]
[Round "7.62"]
[White "Priyanka, K"]
[Black "Song, Yuxin"]
[Result "1/2-1/2"]
[BlackTitle "WCM"]
[WhiteElo "2087"]
[BlackElo "2067"]
[WhiteFideId "5082986"]
[BlackFideId "8614300"]
[EventDate "2018.03.10"]

1. e4 c5 2. Nf3 d6 3. d4 cxd4 4. Nxd4 Nf6 5. Nc3 a6 6. Bd3 e5 7. Nde2 Be6 8. O-O
Nbd7 9. a4 Nc5 10. Bg5 Be7 11. b4 Nxd3 12. Qxd3 Qc7 13. Bxf6 Bxf6 14. Rfd1 Bc4
15. Qd2 Rd8 16. Ng3 g6 17. Nf1 O-O 18. Nd5 Bxd5 19. Qxd5 Bg5 20. c3 Rc8 21. Rd3
Qc4 22. Ra3 Rfd8 23. Ng3 Qxd5 24. Rxd5 b6 25. Kf1 Kf8 26. Ke2 Ra8 1/2-1/2

[Event "8th HD Bank Cup 2018"]
[Site "Hanoi VIE"]
[Date "2018.03.14"]
[Round "7.63"]
[White "Andyka, Pitra"]
[Black "Vaingorten, Yaaqov"]
[Result "1-0"]
[WhiteTitle "FM"]
[BlackTitle "FM"]
[WhiteElo "2265"]
[BlackElo "2298"]
[WhiteFideId "7103255"]
[BlackFideId "2603918"]
[EventDate "2018.03.10"]

1. e4 e5 2. Nf3 Nc6 3. Bb5 f5 4. d3 fxe4 5. dxe4 Nf6 6. O-O Bc5 7. Qd3 Nd4 8.
Nxe5 Qe7 9. Nf3 Nxb5 10. Qxb5 Nxe4 11. Nbd2 c6 12. Qa4 Nxd2 13. Bxd2 O-O 1-0

[Event "8th HD Bank Cup 2018"]
[Site "Hanoi VIE"]
[Date "2018.03.14"]
[Round "7.64"]
[White "Swati, Ghate"]
[Black "Yee, Soon Wei"]
[Result "1/2-1/2"]
[WhiteTitle "WGM"]
[BlackTitle "FM"]
[WhiteElo "2249"]
[BlackElo "2263"]
[WhiteFideId "5003474"]
[BlackFideId "10500553"]
[EventDate "2018.03.10"]

1. e4 e5 2. Nf3 Nc6 3. Bc4 Bc5 4. O-O Nf6 5. d3 O-O 6. h3 h6 7. Re1 d6 8. c3 a6
9. a4 Ba7 10. Nbd2 Be6 11. Bxe6 fxe6 12. Nf1 Nh5 13. Be3 Qf6 14. Bxa7 Rxa7 15.
Ne3 a5 16. Rc1 Rf7 17. Rc2 Nf4 1/2-1/2

[Event "8th HD Bank Cup 2018"]
[Site "Hanoi VIE"]
[Date "2018.03.14"]
[Round "8.1"]
[White "Mareco, Sandro"]
[Black "Le, Tuan Minh"]
[Result "1/2-1/2"]
[WhiteTitle "GM"]
[BlackTitle "IM"]
[WhiteElo "2635"]
[BlackElo "2489"]
[WhiteFideId "112275"]
[BlackFideId "12401153"]
[EventDate "2018.03.10"]

1. d4 d5 2. c4 c6 3. Nf3 Nf6 4. Nc3 a6 5. e3 Bf5 6. Nh4 Bg4 7. Qc2 e6 8. h3 Bh5
9. g4 Bg6 10. Nxg6 hxg6 11. g5 Ng8 12. Bd2 Ne7 13. O-O-O Nf5 14. Bd3 dxc4 15.
Bxc4 Nd7 16. Bd3 Be7 17. f4 Nb6 18. a3 Rc8 19. Kb1 c5 20. dxc5 Rxc5 21. Bxf5
gxf5 22. e4 Qc7 23. Be3 Rxc3 24. Qxc3 Qxc3 25. bxc3 Nc4 26. Bd4 fxe4 27. a4 f6
28. h4 Kf7 29. Ka2 1/2-1/2

[Event "8th HD Bank Cup 2018"]
[Site "Hanoi VIE"]
[Date "2018.03.14"]
[Round "8.2"]
[White "Karthikeyan, Murali"]
[Black "Le, Quang Liem"]
[Result "1-0"]
[WhiteTitle "GM"]
[BlackTitle "GM"]
[WhiteElo "2592"]
[BlackElo "2736"]
[WhiteFideId "5074452"]
[BlackFideId "12401137"]
[EventDate "2018.03.10"]

1. Nf3 Nf6 2. g3 b6 3. Bg2 Bb7 4. O-O c5 5. c4 g6 6. Nc3 Bg7 7. Re1 Ne4 8. Nxe4
Bxe4 9. d4 O-O 10. d5 h6 11. Bf1 d6 12. Nd2 Bf5 13. e4 Bd7 14. f4 e5 15. Nf3 Na6
16. a3 Qe7 17. Bd3 f5 18. Qc2 Rae8 19. Bd2 Qd8 20. fxe5 dxe5 21. Rf1 Qf6 22.
Rae1 Qd6 23. Kh1 Nc7 24. Nh4 f4 25. gxf4 exf4 26. e5 Rxe5 27. Rxe5 Bxe5 28. Nxg6
Bh3 29. Nxe5 Bxf1 30. Bh7+ Kg7 31. Bc3 Bh3 32. Nc6+ Kf7 33. Be5 Re8 34. Nd8+
Rxd8 35. Bxd6 Rxd6 36. Bf5 Bxf5 37. Qxf5+ Ke7 38. Qxf4 a5 39. Qe5+ Kd7 40. Kg2
Ne8 41. Qf5+ Kd8 42. Qh7 Rf6 43. Kg3 Nd6 44. Kg4 Ne8 45. Qb7 Nc7 46. Qb8+ Kd7
47. Qh8 Ne8 48. h4 Kd8 49. b3 Kd7 50. Qh7+ Kd8 51. Kh5 Nd6 52. a4 Ne8 53. Qxh6
Rxh6+ 54. Kxh6 Ke7 55. Kg6 Kf8 56. h5 Nd6 57. h6 Kg8 58. Kf6 b5 59. cxb5 c4 60.
bxc4 Nxc4 61. Ke7 Nb6 62. d6 Nc8+ 63. Ke6 1-0

[Event "8th HD Bank Cup 2018"]
[Site "Hanoi VIE"]
[Date "2018.03.14"]
[Round "8.3"]
[White "Gordievsky, Dmitry"]
[Black "Wang, Hao"]
[Result "1-0"]
[WhiteTitle "GM"]
[BlackTitle "GM"]
[WhiteElo "2630"]
[BlackElo "2713"]
[WhiteFideId "24112798"]
[BlackFideId "8602883"]
[EventDate "2018.03.10"]

1. Nf3 d5 2. c4 e6 3. g3 Nf6 4. Bg2 dxc4 5. O-O Nbd7 6. Qa4 a6 7. Qxc4 c5 8. Qb3
Ra7 9. a4 b6 10. Na3 Be7 11. Nc4 O-O 12. d3 Nd5 13. Bd2 a5 14. Nfe5 Nxe5 15.
Nxe5 Bb7 16. Nc4 Ba8 17. Rfd1 Nb4 18. Bxa8 Rxa8 19. Bc3 Qd5 20. Rd2 Rfd8 21. Qd1
Rab8 22. Qf1 Nc6 23. e3 Qf3 24. Qg2 Qxg2+ 25. Kxg2 f6 26. f4 Kf7 27. Kf3 h5 28.
h3 Ke8 29. g4 Kf7 30. Rg1 hxg4+ 31. hxg4 Rh8 32. Rdg2 Bd8 33. Ke2 Kg6 34. Nd6 e5
35. f5+ Kh7 36. Nf7 Rf8 37. g5 fxg5 38. Nxg5+ Bxg5 39. Rxg5 Rb7 40. Kf3 Kg8 41.
Rg6 Nd4+ 42. exd4 exd4 43. Bd2 Rxf5+ 44. Ke4 Rh5 45. R6g5 Rh3 46. Bf4 Rh4 47.
R1g4 Rh3 48. Be5 Re3+ 49. Kd5 Rxd3 50. Bxg7 1-0

[Event "8th HD Bank Cup 2018"]
[Site "Hanoi VIE"]
[Date "2018.03.14"]
[Round "8.4"]
[White "Nguyen, Ngoc Truong Son"]
[Black "Zou, Chen"]
[Result "1/2-1/2"]
[WhiteTitle "GM"]
[BlackTitle "FM"]
[WhiteElo "2630"]
[BlackElo "2291"]
[WhiteFideId "12401110"]
[BlackFideId "8610959"]
[EventDate "2018.03.10"]

1. d4 Nf6 2. c4 e6 3. Nf3 d5 4. Nc3 Bb4 5. Bg5 h6 6. Bxf6 Qxf6 7. Qa4+ Nc6 8. e3
O-O 9. Rc1 dxc4 10. Bxc4 e5 11. O-O exd4 12. Nd5 Qd6 13. Nxb4 Nxb4 14. Rfd1 Nc6
15. Nxd4 Nxd4 16. Rxd4 Qe7 17. Re4 Qf6 18. Qb5 c6 19. Qe5 Qg6 20. Rd4 Bh3 21.
Qg3 Qxg3 22. hxg3 Be6 23. Bxe6 fxe6 24. Rd7 Rf7 25. Rcd1 Re8 26. Kf1 Ree7 27.
Rd8+ Rf8 28. R1d7 Kf7 29. Rxf8+ Kxf8 30. Rd6 Re8 31. Rd7 Re7 32. Rd6 Re8 33. Rd7 1/2-1/2

[Event "8th HD Bank Cup 2018"]
[Site "Hanoi VIE"]
[Date "2018.03.14"]
[Round "8.5"]
[White "Tran, Minh Thang"]
[Black "Zhao, Jun"]
[Result "1/2-1/2"]
[WhiteTitle "IM"]
[BlackTitle "GM"]
[WhiteElo "2366"]
[BlackElo "2599"]
[WhiteFideId "12401080"]
[BlackFideId "8602522"]
[EventDate "2018.03.10"]

1. d4 Nf6 2. Bf4 g6 3. Nc3 d5 4. e3 Bg7 5. h4 c6 6. Be2 Qb6 7. a3 h5 8. Nf3 Bg4
9. O-O Bxf3 10. Bxf3 Nbd7 11. Rb1 O-O 12. b4 Rfe8 13. Na4 Qd8 14. Nc5 b6 15.
Nxd7 Qxd7 16. a4 a6 17. Qd3 b5 18. Ra1 Ng4 19. axb5 axb5 20. Ra5 Rxa5 21. bxa5
Ra8 22. Qc3 Ra6 23. Rd1 e6 24. Qd2 Qd8 25. Qe2 Qxh4 26. Bxg4 hxg4 27. Bc7 Bf6
28. Ra1 Kg7 29. g3 Qh3 30. Qf1 Qh5 31. Ra3 Be7 32. Rc3 Qh8 33. Qe2 Bd8 34. Bxd8
Qxd8 35. Ra3 Rxa5 36. Rxa5 Qxa5 37. Qxg4 Qd2 38. Qf4 Qxc2 39. Qe5+ Kg8 40. Qb8+
Kh7 41. Qc7 Qf5 42. Qxc6 b4 43. Qb7 Qb1+ 44. Kg2 Kg7 45. Qb8 b3 46. g4 g5 47.
Qe5+ Kg6 48. Qh8 b2 49. Qg8+ Kf6 50. Qd8+ Kg6 51. Qg8+ Kf6 52. Qd8+ Kg7 53.
Qxg5+ Qg6 54. Qe5+ Kh7 55. Qh2+ Kg7 56. Qe5+ Kh7 57. Qh2+ Kg7 1/2-1/2

[Event "8th HD Bank Cup 2018"]
[Site "Hanoi VIE"]
[Date "2018.03.14"]
[Round "8.6"]
[White "Santiago, Yago De Moura"]
[Black "Pichot, Alan"]
[Result "0-1"]
[WhiteTitle "GM"]
[BlackTitle "GM"]
[WhiteElo "2473"]
[BlackElo "2558"]
[WhiteFideId "2103877"]
[BlackFideId "110973"]
[EventDate "2018.03.10"]

1. d4 Nf6 2. c4 e6 3. Nf3 d5 4. Nc3 dxc4 5. e4 Bb4 6. Bxc4 Nxe4 7. O-O Nxc3 8.
bxc3 Bd6 9. Qe2 Nd7 10. Ne5 O-O 11. Bf4 Nb6 12. Bd3 Nd5 13. Bd2 c5 14. Rad1 cxd4
15. cxd4 b6 16. Qg4 f5 17. Qg3 Bb7 18. Bh6 Qe7 19. Bg5 Qe8 20. Bh6 Bxe5 21. dxe5
Rf7 22. Bc4 Rc8 23. Bxd5 Bxd5 24. a3 Rc4 25. f3 Qc6 26. Bc1 Rc7 27. h3 Qc5+ 28.
Kh1 Qe7 29. Qe1 Rc2 30. Rf2 R2c4 31. Bb2 b5 32. Rc1 Rxc1 33. Bxc1 a5 34. Bb2 b4
35. axb4 axb4 36. Qd2 b3 37. Qd4 h6 38. Kg1 Qg5 39. Rd2 Rc4 40. Qd3 Qg3 41. Qe2
Kh7 42. Qf2 Qxf2+ 43. Kxf2 f4 44. g3 fxg3+ 45. Kxg3 g5 46. Rf2 h5 47. Rd2 Kg6
48. Bd4 Kf5 49. Kf2 Rc1 50. Bb2 Rh1 51. Kg2 Rb1 52. Kg3 Rf1 53. Kg2 Re1 54. Kf2
Rb1 55. Kg3 h4+ 56. Kf2 Kf4 57. Bc3 Rh1 58. Rd4+ Kxe5 0-1

[Event "8th HD Bank Cup 2018"]
[Site "Hanoi VIE"]
[Date "2018.03.14"]
[Round "8.7"]
[White "Krysa, Leandro"]
[Black "Vishnu Prasanna, V"]
[Result "1-0"]
[WhiteTitle "GM"]
[BlackTitle "GM"]
[WhiteElo "2548"]
[BlackElo "2526"]
[WhiteFideId "116807"]
[BlackFideId "5030692"]
[EventDate "2018.03.10"]

1. d4 Nf6 2. c4 e6 3. Nf3 d5 4. Nc3 Be7 5. Bf4 O-O 6. a3 Nbd7 7. Nb5 Ne8 8. e3
c6 9. Nc3 f5 10. h3 Nd6 11. Qc2 Nf6 12. Ne5 Nfe4 13. Bd3 Nf7 14. Nxf7 Rxf7 15.
O-O Bd6 16. Rad1 Qe7 17. f3 Ng3 18. Rfe1 Bd7 19. Qf2 Nh5 20. Bxd6 Qxd6 21. Qh4
Nf6 22. c5 Qe7 23. e4 fxe4 24. fxe4 Nxe4 25. Qxe7 Rxe7 26. Bxe4 dxe4 27. Nxe4
Be8 28. Nd6 Bg6 29. Re3 b6 30. Nc4 Rd8 31. Ne5 Be8 32. Rc3 bxc5 33. Rxc5 Rb7 34.
b4 Rb5 35. Nxc6 Bxc6 36. Rxc6 e5 37. d5 Rbxd5 38. Rxd5 Rxd5 39. Ra6 Rd7 40. Kf2
e4 41. Ke3 Re7 42. b5 Kf7 43. a4 Ke8 44. a5 Kf7 45. g4 h6 46. h4 Kg8 47. b6 axb6
48. axb6 Kh7 49. Ra4 h5 50. g5 Kg6 51. Rb4 Rb7 52. Kxe4 1-0